Normativa de disseny i construcció dels plafons informatius d'obres / Joaquim Nolla i Josep M. Mir
Descripción Física:
[27] f. : il., col. ; 30 cm
Otros Autores:
Mir, Josep Maria
MARC
| LEADER | 00000nam a2200000Ia 4500 | ||
|---|---|---|---|
| 001 | 10057 | ||
| 008 | 160829s9999 xx 000 0 cat d | ||
| 080 | |a FU-25-17 | ||
| 100 | |a Nolla, Joaquim |9 30354 | ||
| 245 | |a Normativa de disseny i construcció dels plafons informatius d'obres / Joaquim Nolla i Josep M. Mir | ||
| 260 | |a Barcelona : |b Diputació de Barcelona, [s.a.:198 - ?] | ||
| 300 | |a [27] f. : |b il., col. ; |c 30 cm | ||
| 650 | |a Obres públiques |x Barcelona (Província) |x Senyalització |x Normes |9 30355 | ||
| 700 | |a Mir, Josep Maria |9 22203 | ||
| 710 | 1 | |a Barcelona (Catalunya : Província). |b Diputació |9 52408 | |
| 901 | |a Arxiu | ||
| 942 | |n 1 | ||
| 952 | |0 0 |1 0 |4 0 |6 FU2517 |7 1 |9 45392 |a Arxiu |b Arxiu |d 2016-12-01 |l 0 |o FU-25-17 |p 10057 |r 2016-12-01 00:00:00 |w 2016-12-01 |y ARXIU | ||
| 999 | |c 48480 |d 48480 | ||